[Event "DVM U16w 2023"]
[Site "Magdeburg GER"]
[Date "2023.12.29"]
[Round "5"]
[White "Siegel, Irene"]
[Black "Luzgina, Anastasiia"]
[Result "1/2-1/2"]
[Termination "normal"]
[Board "1.4"]
[WhiteElo "1313"]
[BlackElo "1362"]
[WhiteClock "00:04:44"]
[BlackClock "00:11:29"]
[WhiteTeam "SG Porz"]
[BlackTeam "SG Königskinder Hohentübingen"]
[PlyCount "59"]
[WhiteFideId "16284380"]
[BlackFideId "24280860"]
[EventCountry "GER"]
[EventRounds "7"]
[EventType "team-swiss"]
[EventDate "2023.12.26"]

1. e4 {[%clk 01:30:55]} {[%emt 00:00:04]} c6 {[%clk 01:30:48]} {[%emt
00:00:12]} 2. d4 {[%clk 01:31:15]} {[%emt 00:00:10]} d5 {[%clk 01:31:16]}
{[%emt 00:00:03]} 3. exd5 {[%clk 01:31:37]} {[%emt 00:00:08]} cxd5 {[%clk
01:31:40]} {[%emt 00:00:06]} 4. Bd3 {[%clk 01:32:00]} {[%emt 00:00:07]} Nc6
{[%clk 01:31:32]} {[%emt 00:00:37]} 5. c3 {[%clk 01:32:06]} {[%emt 00:00:24]}
Nf6 {[%clk 01:31:36]} {[%emt 00:00:25]} 6. Bf4 {[%clk 01:31:07]} {[%emt
00:01:29]} e6 {[%clk 01:31:32]} {[%emt 00:00:35]} 7. Nf3 {[%clk 01:30:46]}
{[%emt 00:00:50]} Bd6 {[%clk 01:31:42]} {[%emt 00:00:20]} 8. Bxd6 {[%clk
01:31:01]} {[%emt 00:00:16]} Qxd6 {[%clk 01:32:05]} {[%emt 00:00:06]} 9. O-O
{[%clk 01:31:08]} {[%emt 00:00:24]} O-O {[%clk 01:32:24]} {[%emt 00:00:12]} 10.
Re1 {[%clk 01:29:29]} {[%emt 00:02:08]} Nd7 {[%clk 01:26:34]} {[%emt 00:06:19]}
11. Nbd2 {[%clk 01:25:16]} {[%emt 00:04:44]} f6 {[%clk 01:25:11]} {[%emt
00:01:53]} 12. Qc2 {[%clk 01:21:27]} {[%emt 00:04:19]} f5 {[%clk 01:11:56]}
{[%emt 00:13:46]} 13. Rad1 {[%clk 01:07:14]} {[%emt 00:14:43]} Nf6 {[%clk
01:11:13]} {[%emt 00:01:12]} 14. Ne5 {[%clk 01:06:57]} {[%emt 00:00:47]} Bd7
{[%clk 01:11:04]} {[%emt 00:00:38]} 15. Ndf3 {[%clk 01:01:50]} {[%emt
00:05:38]} Rae8 {[%clk 01:10:06]} {[%emt 00:01:27]} 16. Nxc6 {[%clk 00:55:54]}
{[%emt 00:06:27]} Bxc6 {[%clk 01:05:41]} {[%emt 00:04:56]} 17. Ne5 {[%clk
00:56:07]} {[%emt 00:00:16]} g6 {[%clk 00:56:16]} {[%emt 00:09:55]} 18. Re3
{[%clk 00:49:18]} {[%emt 00:07:18]} Ne4 {[%clk 00:55:29]} {[%emt 00:01:18]} 19.
Rde1 {[%clk 00:42:11]} {[%emt 00:07:35]} Re7 {[%clk 00:52:00]} {[%emt
00:04:02]} 20. f3 {[%clk 00:35:36]} {[%emt 00:07:04]} Nf6 {[%clk 00:52:05]}
{[%emt 00:00:24]} 21. Qf2 {[%clk 00:30:45]} {[%emt 00:05:21]} Bd7 {[%clk
00:42:21]} {[%emt 00:10:15]} 22. Qg3 {[%clk 00:29:23]} {[%emt 00:01:49]} Kg7
{[%clk 00:32:03]} {[%emt 00:10:50]} 23. Nxd7 {[%clk 00:19:08]} {[%emt
00:10:46]} f4 {[%clk 00:31:49]} {[%emt 00:00:44]} 24. Qg5 {[%clk 00:14:29]}
{[%emt 00:05:08]} Nxd7 {[%clk 00:31:41]} {[%emt 00:00:39]} 25. R3e2 {[%clk
00:13:27]} {[%emt 00:01:31]} Rf6 {[%clk 00:20:17]} {[%emt 00:11:55]} 26. Kh1
{[%clk 00:10:04]} {[%emt 00:03:53]} a6 {[%clk 00:16:02]} {[%emt 00:04:44]} 27.
a3 {[%clk 00:08:17]} {[%emt 00:02:17]} b5 {[%clk 00:15:19]} {[%emt 00:01:13]}
28. Bc2 {[%clk 00:06:20]} {[%emt 00:02:28]} a5 {[%clk 00:13:13]} {[%emt
00:02:36]} 29. Qg4 {[%clk 00:06:23]} {[%emt 00:00:26]} Kf7 {[%clk 00:11:29]}
{[%emt 00:02:15]} 30. h4 {[%clk 00:04:44]} {[%emt 00:02:07]} 1/2-1/2

[Event "DVM U16w 2023"]
[Site "Magdeburg GER"]
[Date "2023.12.29"]
[Round "5"]
[White "Glowiak, Alexandra"]
[Black "Prokscha, Charlotte"]
[Result "1-0"]
[Termination "normal"]
[Board "2.1"]
[WhiteElo "1730"]
[BlackElo "1341"]
[WhiteClock "00:12:38"]
[BlackClock "00:48:06"]
[WhiteTeam "Chemnitzer SC Aufbau95"]
[BlackTeam "SC Garching 1980"]
[PlyCount "59"]
[WhiteFideId "16259530"]
[BlackFideId "34614699"]
[EventCountry "GER"]
[EventRounds "7"]
[EventType "team-swiss"]
[EventDate "2023.12.26"]

1. e4 {[%clk 01:30:58]} {[%emt 00:00:02]} c5 {[%clk 01:30:51]} {[%emt
00:00:09]} 2. Nf3 {[%clk 01:31:25]} {[%emt 00:00:03]} e6 {[%clk 01:31:09]}
{[%emt 00:00:12]} 3. d4 {[%clk 01:31:49]} {[%emt 00:00:06]} cxd4 {[%clk
01:31:32]} {[%emt 00:00:06]} 4. Nxd4 {[%clk 01:32:15]} {[%emt 00:00:05]} Nc6
{[%clk 01:31:34]} {[%emt 00:00:29]} 5. c4 {[%clk 01:32:36]} {[%emt 00:00:09]}
Nf6 {[%clk 01:31:39]} {[%emt 00:00:25]} 6. Nc3 {[%clk 01:32:57]} {[%emt
00:00:09]} Bb4 {[%clk 01:31:29]} {[%emt 00:00:39]} 7. Nxc6 {[%clk 01:33:13]}
{[%emt 00:00:14]} Bxc3+ {[%clk 01:31:39]} {[%emt 00:00:20]} 8. bxc3 {[%clk
01:33:32]} {[%emt 00:00:12]} bxc6 {[%clk 01:31:54]} {[%emt 00:00:15]} 9. Bd3
{[%clk 01:33:17]} {[%emt 00:00:44]} d5 {[%clk 01:31:24]} {[%emt 00:01:00]} 10.
cxd5 {[%clk 01:30:37]} {[%emt 00:03:10]} cxd5 {[%clk 01:31:02]} {[%emt
00:00:51]} 11. Bb5+ {[%clk 01:13:25]} {[%emt 00:17:43]} Bd7 {[%clk 01:28:38]}
{[%emt 00:02:54]} 12. Bxd7+ {[%clk 01:12:51]} {[%emt 00:01:05]} Qxd7 {[%clk
01:28:43]} {[%emt 00:00:24]} 13. exd5 {[%clk 01:07:51]} {[%emt 00:05:30]} Qxd5
{[%clk 01:23:32]} {[%emt 00:05:41]} 14. Qa4+ {[%clk 01:03:38]} {[%emt
00:04:42]} Qd7 {[%clk 01:19:25]} {[%emt 00:04:37]} 15. Qxd7+ {[%clk 00:55:32]}
{[%emt 00:08:36]} Nxd7 {[%clk 01:18:25]} {[%emt 00:01:31]} 16. Be3 {[%clk
00:41:45]} {[%emt 00:14:18]} O-O {[%clk 01:15:27]} {[%emt 00:03:28]} 17. O-O
{[%clk 00:35:48]} {[%emt 00:06:26]} Rfc8 {[%clk 01:15:01]} {[%emt 00:00:55]}
18. Rfc1 {[%clk 00:27:58]} {[%emt 00:08:21]} h6 {[%clk 01:09:09]} {[%emt
00:06:22]} 19. c4 {[%clk 00:25:21]} {[%emt 00:03:07]} Ne5 {[%clk 01:04:26]}
{[%emt 00:05:13]} 20. c5 {[%clk 00:24:43]} {[%emt 00:01:08]} Nc6 {[%clk
01:04:34]} {[%emt 00:00:22]} 21. a4 {[%clk 00:23:59]} {[%emt 00:01:14]} Rab8
{[%clk 01:03:53]} {[%emt 00:01:10]} 22. Rab1 {[%clk 00:22:31]} {[%emt
00:01:59]} Kf8 {[%clk 01:03:24]} {[%emt 00:00:59]} 23. Kf1 {[%clk 00:20:14]}
{[%emt 00:02:46]} Ke8 {[%clk 01:01:52]} {[%emt 00:02:02]} 24. Rb5 {[%clk
00:19:59]} {[%emt 00:00:45]} e5 {[%clk 00:53:50]} {[%emt 00:08:32]} 25. Rd1
{[%clk 00:16:04]} {[%emt 00:04:25]} Rxb5 {[%clk 00:49:56]} {[%emt 00:04:25]}
26. axb5 {[%clk 00:16:32]} {[%emt 00:00:02]} Nd4 {[%clk 00:50:11]} {[%emt
00:00:15]} 27. Bxd4 {[%clk 00:13:50]} {[%emt 00:03:12]} exd4 {[%clk 00:50:32]}
{[%emt 00:00:09]} 28. c6 {[%clk 00:13:24]} {[%emt 00:00:56]} Rb8 {[%clk
00:48:01]} {[%emt 00:03:01]} 29. Rxd4 {[%clk 00:12:24]} {[%emt 00:01:30]} Rxb5
{[%clk 00:48:06]} {[%emt 00:00:24]} 30. c7 {[%clk 00:12:38]} {[%emt 00:00:17]}
1-0

[Event "DVM U16w 2023"]
[Site "Magdeburg GER"]
[Date "2023.12.29"]
[Round "5"]
[White "Czäczine, Laura"]
[Black "Huber, Laura"]
[Result "1/2-1/2"]
[Termination "normal"]
[Board "2.3"]
[WhiteElo "1474"]
[BlackElo "1417"]
[WhiteClock "00:02:16"]
[BlackClock "00:04:22"]
[WhiteTeam "Chemnitzer SC Aufbau95"]
[BlackTeam "SC Garching 1980"]
[PlyCount "75"]
[WhiteFideId "16211448"]
[BlackFideId "16270940"]
[EventCountry "GER"]
[EventRounds "7"]
[EventType "team-swiss"]
[EventDate "2023.12.26"]

1. e4 {[%clk 01:30:59]} c6 {[%clk 01:30:54]} {[%emt 00:00:07]} 2. d4 {[%clk
01:31:22]} {[%emt 00:00:06]} d5 {[%clk 01:31:21]} {[%emt 00:00:04]} 3. exd5
{[%clk 01:31:45]} {[%emt 00:00:07]} cxd5 {[%clk 01:31:46]} {[%emt 00:00:04]} 4.
c4 {[%clk 01:31:58]} {[%emt 00:00:16]} e6 {[%clk 01:26:48]} {[%emt 00:05:29]}
5. Nc3 {[%clk 01:30:26]} {[%emt 00:02:02]} Nf6 {[%clk 01:23:41]} {[%emt
00:03:37]} 6. Nf3 {[%clk 01:28:07]} {[%emt 00:02:48]} Nc6 {[%clk 01:18:29]}
{[%emt 00:05:43]} 7. Be2 {[%clk 01:23:11]} {[%emt 00:05:27]} Be7 {[%clk
01:15:03]} {[%emt 00:03:56]} 8. O-O {[%clk 01:19:53]} {[%emt 00:03:47]} O-O
{[%clk 01:09:19]} {[%emt 00:06:14]} 9. a3 {[%clk 01:12:06]} {[%emt 00:08:17]}
b6 {[%clk 01:05:31]} {[%emt 00:04:18]} 10. Ne5 {[%clk 01:05:20]} {[%emt
00:07:16]} Bb7 {[%clk 01:03:26]} {[%emt 00:02:34]} 11. Be3 {[%clk 01:00:20]}
{[%emt 00:05:30]} dxc4 {[%clk 00:52:38]} {[%emt 00:11:19]} 12. Bxc4 {[%clk
00:52:37]} {[%emt 00:08:14]} Nd5 {[%clk 00:46:49]} {[%emt 00:06:18]} 13. Nxd5
{[%clk 00:46:08]} {[%emt 00:06:58]} exd5 {[%clk 00:47:07]} {[%emt 00:00:13]}
14. Nxc6 {[%clk 00:46:21]} {[%emt 00:00:17]} Bxc6 {[%clk 00:47:12]} {[%emt
00:00:24]} 15. Bb3 {[%clk 00:46:31]} {[%emt 00:00:16]} Bf6 {[%clk 00:41:10]}
{[%emt 00:06:36]} 16. Qg4 {[%clk 00:38:22]} {[%emt 00:08:34]} Re8 {[%clk
00:37:59]} {[%emt 00:03:47]} 17. Rad1 {[%clk 00:34:53]} {[%emt 00:03:59]} Rc8
{[%clk 00:31:12]} {[%emt 00:07:18]} 18. Rfe1 {[%clk 00:30:21]} {[%emt
00:05:01]} Rc7 {[%clk 00:24:59]} {[%emt 00:06:42]} 19. Ba2 {[%clk 00:22:20]}
{[%emt 00:08:28]} Rce7 {[%clk 00:22:51]} {[%emt 00:02:41]} 20. Bb1 {[%clk
00:15:06]} {[%emt 00:07:44]} Qd7 {[%clk 00:21:33]} {[%emt 00:01:48]} 21. Bf5
{[%clk 00:13:51]} {[%emt 00:01:44]} Qd6 {[%clk 00:21:08]} {[%emt 00:00:57]} 22.
Bd3 {[%clk 00:09:48]} {[%emt 00:04:30]} Bd7 {[%clk 00:19:13]} {[%emt 00:02:28]}
23. Qh5 {[%clk 00:08:43]} {[%emt 00:01:30]} g6 {[%clk 00:16:46]} {[%emt
00:03:02]} 24. Qf3 {[%clk 00:08:19]} {[%emt 00:00:50]} Bxd4 {[%clk 00:12:25]}
{[%emt 00:04:54]} 25. Re2 {[%clk 00:04:40]} {[%emt 00:04:09]} Bxe3 {[%clk
00:07:26]} {[%emt 00:05:30]} 26. fxe3 {[%clk 00:04:57]} {[%emt 00:00:14]} Qe5
{[%clk 00:07:08]} {[%emt 00:00:47]} 27. Bb1 {[%clk 00:04:01]} {[%emt 00:01:24]}
Be6 {[%clk 00:07:08]} {[%emt 00:00:31]} 28. Rde1 {[%clk 00:03:05]} {[%emt
00:01:27]} Qg7 {[%clk 00:05:27]} {[%emt 00:02:11]} 29. e4 {[%clk 00:02:40]}
{[%emt 00:00:55]} Qd4+ {[%clk 00:04:55]} {[%emt 00:01:02]} 30. Kh1 {[%clk
00:02:49]} {[%emt 00:00:21]} dxe4 {[%clk 00:04:52]} {[%emt 00:00:34]} 31. Qxe4
{[%clk 00:02:27]} {[%emt 00:00:51]} Qxe4 {[%clk 00:05:00]} {[%emt 00:00:23]}
32. Rxe4 {[%clk 00:02:37]} {[%emt 00:00:19]} Kf8 {[%clk 00:05:12]} {[%emt
00:00:18]} 33. h3 {[%clk 00:02:51]} {[%emt 00:00:16]} Bd5 {[%clk 00:04:35]}
{[%emt 00:01:07]} 34. Rxe7 {[%clk 00:03:10]} {[%emt 00:00:12]} Rxe7 {[%clk
00:05:04]} 35. Rd1 {[%clk 00:02:56]} {[%emt 00:00:40]} Rd7 {[%clk 00:04:45]}
{[%emt 00:00:53]} 36. Be4 {[%clk 00:02:56]} {[%emt 00:00:24]} Be6 {[%clk
00:04:54]} {[%emt 00:00:26]} 37. Rc1 {[%clk 00:02:10]} {[%emt 00:01:14]} Re7
{[%clk 00:04:22]} {[%emt 00:01:04]} 38. Bf3 {[%clk 00:02:16]} {[%emt 00:00:20]}
*

[Event "DVM U16w 2023"]
[Site "Magdeburg GER"]
[Date "2023.12.29"]
[Round "5"]
[White "Muhina, Alina"]
[Black "Brewig, Bea Josephine"]
[Result "1/2-1/2"]
[Termination "normal"]
[Board "2.4"]
[WhiteElo "1210"]
[BlackElo "1256"]
[WhiteClock "00:07:14"]
[BlackClock "00:01:38"]
[WhiteTeam "SC Garching 1980"]
[BlackTeam "Chemnitzer SC Aufbau95"]
[PlyCount "80"]
[WhiteFideId "16298322"]
[BlackFideId "16249313"]
[EventCountry "GER"]
[EventRounds "7"]
[EventType "team-swiss"]
[EventDate "2023.12.26"]

1. e4 {[%clk 01:30:58]} {[%emt 00:00:02]} e5 {[%clk 01:30:53]} {[%emt
00:00:07]} 2. Nf3 {[%clk 01:31:25]} {[%emt 00:00:03]} Nc6 {[%clk 01:31:18]}
{[%emt 00:00:05]} 3. d4 {[%clk 01:31:50]} {[%emt 00:00:05]} exd4 {[%clk
01:31:43]} {[%emt 00:00:06]} 4. Nxd4 {[%clk 01:32:16]} {[%emt 00:00:03]} Nf6
{[%clk 01:32:04]} {[%emt 00:00:09]} 5. Nxc6 {[%clk 01:31:47]} {[%emt 00:00:59]}
bxc6 {[%clk 01:31:29]} {[%emt 00:01:05]} 6. Nc3 {[%clk 01:30:54]} {[%emt
00:01:23]} Bb4 {[%clk 01:26:01]} {[%emt 00:05:58]} 7. Bd3 {[%clk 01:30:54]}
{[%emt 00:00:29]} d5 {[%clk 01:25:11]} {[%emt 00:01:21]} 8. exd5 {[%clk
01:28:34]} {[%emt 00:02:51]} cxd5 {[%clk 01:25:09]} {[%emt 00:00:31]} 9. O-O
{[%clk 01:28:50]} {[%emt 00:00:14]} O-O {[%clk 01:25:13]} {[%emt 00:00:27]} 10.
Bg5 {[%clk 01:22:11]} {[%emt 00:07:08]} c6 {[%clk 01:24:42]} {[%emt 00:01:01]}
11. h3 {[%clk 01:12:10]} {[%emt 00:10:31]} Be6 {[%clk 01:12:55]} {[%emt
00:12:17]} 12. Ne2 {[%clk 01:11:51]} {[%emt 00:00:49]} Bd6 {[%clk 01:07:25]}
{[%emt 00:06:00]} 13. Nd4 {[%clk 01:11:32]} {[%emt 00:00:48]} Rc8 {[%clk
00:58:59]} {[%emt 00:08:56]} 14. Re1 {[%clk 00:59:35]} {[%emt 00:12:27]} Bc5
{[%clk 00:40:51]} {[%emt 00:18:39]} 15. c3 {[%clk 00:58:06]} {[%emt 00:02:00]}
Re8 {[%clk 00:39:41]} {[%emt 00:01:39]} 16. Qa4 {[%clk 00:58:01]} {[%emt
00:00:35]} Bxd4 {[%clk 00:37:39]} {[%emt 00:02:32]} 17. Qxd4 {[%clk 00:56:28]}
{[%emt 00:02:02]} c5 {[%clk 00:33:44]} {[%emt 00:04:26]} 18. Qh4 {[%clk
00:54:35]} {[%emt 00:02:22]} h6 {[%clk 00:28:19]} {[%emt 00:05:56]} 19. Bxf6
{[%clk 00:54:43]} {[%emt 00:00:21]} Qxf6 {[%clk 00:28:35]} {[%emt 00:00:14]}
20. Qxf6 {[%clk 00:54:45]} {[%emt 00:00:28]} gxf6 {[%clk 00:28:59]} {[%emt
00:00:07]} 21. Re3 {[%clk 00:41:28]} {[%emt 00:13:48]} Rb8 {[%clk 00:25:21]}
{[%emt 00:04:07]} 22. Rg3+ {[%clk 00:33:53]} {[%emt 00:08:05]} Kh8 {[%clk
00:25:04]} {[%emt 00:00:47]} 23. b3 {[%clk 00:30:18]} {[%emt 00:04:05]} Rg8
{[%clk 00:22:32]} {[%emt 00:03:02]} 24. Rf3 {[%clk 00:28:11]} {[%emt 00:02:37]}
Kg7 {[%clk 00:21:41]} {[%emt 00:01:21]} 25. Rg3+ {[%clk 00:27:34]} {[%emt
00:01:07]} Kf8 {[%clk 00:22:00]} {[%emt 00:00:11]} 26. Rf3 {[%clk 00:27:26]}
{[%emt 00:00:38]} Ke7 {[%clk 00:19:50]} {[%emt 00:02:40]} 27. Re1 {[%clk
00:24:41]} {[%emt 00:03:15]} Rb6 {[%clk 00:18:33]} {[%emt 00:01:47]} 28. c4
{[%clk 00:20:00]} {[%emt 00:05:11]} d4 {[%clk 00:17:04]} {[%emt 00:01:59]} 29.
Rf5 {[%clk 00:18:15]} {[%emt 00:02:15]} Rg5 {[%clk 00:16:40]} {[%emt 00:00:54]}
30. g4 {[%clk 00:17:21]} {[%emt 00:01:25]} h5 {[%clk 00:14:14]} {[%emt
00:02:55]} 31. f4 {[%clk 00:17:05]} {[%emt 00:00:47]} Rg7 {[%clk 00:10:56]}
{[%emt 00:03:47]} 32. Rxh5 {[%clk 00:16:51]} {[%emt 00:00:44]} Kd8 {[%clk
00:06:57]} {[%emt 00:04:29]} 33. Rxc5 {[%clk 00:13:45]} {[%emt 00:03:36]} Ra6
{[%clk 00:05:20]} {[%emt 00:02:08]} 34. f5 {[%clk 00:13:21]} {[%emt 00:00:52]}
Bd7 {[%clk 00:05:21]} {[%emt 00:00:29]} 35. Bb1 {[%clk 00:12:54]} {[%emt
00:00:58]} Rd6 {[%clk 00:04:54]} {[%emt 00:00:58]} 36. Rd1 {[%clk 00:12:44]}
{[%emt 00:00:38]} Bc6 {[%clk 00:04:29]} {[%emt 00:00:55]} 37. Kf2 {[%clk
00:10:21]} {[%emt 00:02:53]} Rg8 {[%clk 00:03:36]} {[%emt 00:01:24]} 38. Ra5
{[%clk 00:07:19]} {[%emt 00:03:32]} Rd7 {[%clk 00:02:45]} {[%emt 00:01:20]} 39.
Ra6 {[%clk 00:07:03]} {[%emt 00:00:46]} Ba8 {[%clk 00:02:18]} {[%emt 00:00:57]}
40. Rxf6 {[%clk 00:07:14]} {[%emt 00:00:19]} Re8 {[%clk 00:01:38]} {[%emt
00:01:10]} *

[Event "DVM U16w 2023"]
[Site "Magdeburg GER"]
[Date "2023.12.29"]
[Round "5"]
[White "Reich, Elisabeth"]
[Black "Nguyen, Jenny Ha-Linh"]
[Result "1/2-1/2"]
[Termination "normal"]
[Board "3.1"]
[WhiteElo "1573"]
[BlackElo "1639"]
[WhiteClock "00:12:42"]
[BlackClock "00:04:50"]
[WhiteTeam "ATSV Oberkotzau"]
[BlackTeam "SG Leipzig"]
[PlyCount "71"]
[WhiteFideId "16239776"]
[BlackFideId "16209729"]
[EventCountry "GER"]
[EventRounds "7"]
[EventType "team-swiss"]
[EventDate "2023.12.26"]

1. e4 {[%clk 01:30:58]} {[%emt 00:00:02]} c5 {[%clk 01:30:55]} {[%emt
00:00:05]} 2. Nf3 {[%clk 01:31:22]} {[%emt 00:00:06]} Nc6 {[%clk 01:31:08]}
{[%emt 00:00:17]} 3. d3 {[%clk 01:31:36]} {[%emt 00:00:15]} g6 {[%clk
01:31:15]} {[%emt 00:00:24]} 4. g3 {[%clk 01:32:00]} {[%emt 00:00:06]} Bg7
{[%clk 01:31:18]} {[%emt 00:00:27]} 5. Bg2 {[%clk 01:32:17]} {[%emt 00:00:12]}
e5 {[%clk 01:28:36]} {[%emt 00:03:12]} 6. O-O {[%clk 01:32:35]} {[%emt
00:00:12]} Nge7 {[%clk 01:28:58]} {[%emt 00:00:08]} 7. Re1 {[%clk 01:32:33]}
{[%emt 00:00:31]} O-O {[%clk 01:28:53]} {[%emt 00:00:36]} 8. a4 {[%clk
01:31:29]} {[%emt 00:01:34]} d5 {[%clk 01:26:47]} {[%emt 00:02:36]} 9. Nbd2
{[%clk 01:31:12]} {[%emt 00:00:47]} d4 {[%clk 01:25:11]} {[%emt 00:02:06]} 10.
Nc4 {[%clk 01:29:36]} {[%emt 00:02:06]} h6 {[%clk 01:21:22]} {[%emt 00:04:20]}
11. Bd2 {[%clk 01:26:42]} {[%emt 00:03:23]} b6 {[%clk 01:20:09]} {[%emt
00:01:43]} 12. Qc1 {[%clk 01:26:46]} {[%emt 00:00:22]} Kh7 {[%clk 01:20:32]}
{[%emt 00:00:12]} 13. Nh4 {[%clk 01:23:50]} {[%emt 00:03:23]} Be6 {[%clk
01:13:56]} {[%emt 00:07:08]} 14. b3 {[%clk 01:16:49]} {[%emt 00:07:31]} Bxc4
{[%clk 01:08:25]} {[%emt 00:06:00]} 15. bxc4 {[%clk 01:17:06]} {[%emt
00:00:14]} Nb4 {[%clk 00:57:19]} {[%emt 00:11:36]} 16. f4 {[%clk 01:13:54]}
{[%emt 00:03:42]} Nec6 {[%clk 00:53:04]} {[%emt 00:04:44]} 17. Nf3 {[%clk
01:10:04]} {[%emt 00:04:21]} f6 {[%clk 00:43:59]} {[%emt 00:09:35]} 18. h4
{[%clk 01:05:43]} {[%emt 00:04:52]} Qd7 {[%clk 00:38:53]} {[%emt 00:05:35]} 19.
Kh2 {[%clk 01:00:39]} {[%emt 00:05:33]} Rae8 {[%clk 00:36:18]} {[%emt
00:03:06]} 20. Bh3 {[%clk 00:57:07]} {[%emt 00:04:02]} Qe7 {[%clk 00:34:50]}
{[%emt 00:01:58]} 21. Qd1 {[%clk 00:45:37]} {[%emt 00:11:58]} a6 {[%clk
00:26:39]} {[%emt 00:08:43]} 22. Qc1 {[%clk 00:38:45]} {[%emt 00:07:20]} Ra8
{[%clk 00:23:42]} {[%emt 00:03:29]} 23. Re2 {[%clk 00:26:08]} {[%emt 00:13:05]}
Qc7 {[%clk 00:21:04]} {[%emt 00:03:10]} 24. g4 {[%clk 00:21:36]} {[%emt
00:05:01]} Qe7 {[%clk 00:16:16]} {[%emt 00:05:18]} 25. f5 {[%clk 00:16:44]}
{[%emt 00:05:24]} g5 {[%clk 00:13:23]} {[%emt 00:03:22]} 26. Kg1 {[%clk
00:16:16]} {[%emt 00:00:53]} Kg8 {[%clk 00:12:56]} {[%emt 00:01:02]} 27. Qb2
{[%emt 00:06:37]} Kf7 {[%clk 00:08:31]} 28. h5 {[%clk 00:14:19]} {[%emt
00:01:16]} Rfb8 {[%clk 00:07:31]} {[%emt 00:01:30]} 29. Bf1 {[%clk 00:13:56]}
{[%emt 00:00:53]} Qd7 {[%clk 00:07:07]} {[%emt 00:00:54]} 30. Ree1 {[%clk
00:13:40]} {[%emt 00:00:45]} Rd8 {[%clk 00:07:13]} {[%emt 00:00:24]} 31. Qb3
{[%clk 00:13:41]} {[%emt 00:00:28]} Bf8 {[%clk 00:05:29]} {[%emt 00:02:16]} 32.
Red1 {[%clk 00:13:08]} {[%emt 00:01:01]} Na5 {[%clk 00:04:54]} {[%emt
00:01:06]} 33. Qb2 {[%clk 00:13:24]} {[%emt 00:00:13]} Nac6 {[%clk 00:03:56]}
{[%emt 00:01:28]} 34. Qb3 {[%clk 00:13:44]} {[%emt 00:00:10]} Na5 {[%clk
00:04:23]} {[%emt 00:00:04]} 35. Qb2 {[%clk 00:14:09]} {[%emt 00:00:04]} Nac6
{[%clk 00:04:50]} {[%emt 00:00:04]} 36. Qb3 {[%clk 00:12:42]} {[%emt 00:01:56]}
1/2-1/2